Vinárske zážitkové centrum, Svätý Jur - interiér
Na minha lista:
| Autor principal: | |
|---|---|
| Outros Autores: | |
| Formato: | Manuscrito Livro |
| Idioma: | eslovaco |
| Publicado em: |
Bratislava
2016
|
| Assuntos: | |
| Acesso em linha: | http://is.stuba.sk/zp/portal_zp.pl?podrobnosti=121597 |
| Tags: |
Sem tags, seja o primeiro a adicionar uma tag!
|
MARC
| LEADER | 00000ntm a22000003a 4500 | ||
|---|---|---|---|
| 001 | stuzp57453 | ||
| 003 | SK-STU | ||
| 005 | 20210223085014.8 | ||
| 007 | ta | ||
| 008 | 150427s2015----xo-----f-mn---000-0-slo-d | ||
| 040 | |a STU |b slo | ||
| 041 | 0 | |a slo | |
| 100 | 1 | |a Chromčová, Paula |u 055150 |4 aut |U FAD Fakulta architektúry |T FA Ústav interiéru a výstavníctva |X 57747 |U A5150 |Y 396 |7 A000057747 | |
| 242 | 0 | 1 | |a Winary leisure centrum, Svätý Jur - interior |y eng |
| 245 | 1 | 0 | |a Vinárske zážitkové centrum, Svätý Jur - interiér |
| 260 | |c 2016 |a Bratislava | ||
| 650 | 4 | |a voľnočasový areál |2 slo | |
| 650 | 4 | |a vinohradníctvo |2 slo | |
| 650 | 4 | |a vinič |2 slo | |
| 650 | 4 | |a voľnočasové aktivity |2 slo | |
| 650 | 4 | |a wineries |2 eng | |
| 650 | 4 | |a leisure activities |2 eng | |
| 650 | 4 | |a vineyards |2 eng | |
| 650 | 4 | |a leisure time area |2 eng | |
| 700 | 1 | |a Vinárčiková, Jana |u 055150 |k Z1 |4 ths |U FAD Fakulta architektúry |T FA Ústav interiéru a výstavníctva |X 413 |U A5150 |Y 396 |7 A000000413 | |
| 856 | 4 | |u http://is.stuba.sk/zp/portal_zp.pl?podrobnosti=121597 |u https://opac.crzp.sk/?fn=detailBiblioForm&sid=FFEED6484134604A3C79AEB88729 | |
| SQL | |a stuzp57453 |b DDP |c SLO |d Vinárske zážitkové centrum, Svätý Jur - interiér |e 57747 |f Chromčová, Paula |g 055150 |h 413 |i Vinárčiková, Jana |j 20160602 |k 153 |l 05 |m http://is.stuba.sk/zp/portal_zp.pl?podrobnosti=121597 |n I-ARCH |o 5.1.1. architektúra a urbanizmus | ||